Dying, death, and bereavement. (Record no. 6553)
[ view plain ]
| 000 -LEADER | |
|---|---|
| fixed length control field | 01812nam a22005177i 4500 |
| 003 - CONTROL NUMBER IDENTIFIER | |
| control field | URS |
| 005 - DATE AND TIME OF LATEST TRANSACTION | |
| control field | 20220114152429.0 |
| 007 - PHYSICAL DESCRIPTION FIXED FIELD--GENERAL INFORMATION | |
| fixed length control field | t| |
| 008 - FIXED-LENGTH DATA ELEMENTS--GENERAL INFORMATION | |
| fixed length control field | 160908b xxu||||| |||| 00| 0 eng d |
| 010 ## - LIBRARY OF CONGRESS CONTROL NUMBER | |
| LC control number | 93641998 |
| Canceled/invalid LC control number | sn 97006640 |
| 016 7# - NATIONAL BIBLIOGRAPHIC AGENCY CONTROL NUMBER | |
| Record control number | 9887860 |
| Source | DNLM |
| 016 7# - NATIONAL BIBLIOGRAPHIC AGENCY CONTROL NUMBER | |
| Record control number | SR0078629 |
| Source | DNLM |
| 022 0# - INTERNATIONAL STANDARD SERIAL NUMBER | |
| International Standard Serial Number | 1069-6407 |
| ISSN-L | 1069-6407 |
| Incorrect ISSN | 1096-4223 |
| Source | 1 |
| 035 ## - SYSTEM CONTROL NUMBER | |
| System control number | (OCoLC)ocm26898575 |
| 037 ## - SOURCE OF ACQUISITION | |
| Source of stock number/acquisition | Dushkin Pub. Group, Sluice Dock, Guilford, Conn. 06437 |
| 040 ## - CATALOGING SOURCE | |
| Original cataloging agency | ArStC |
| Description conventions | rda |
| Transcribing agency | ArStC |
| Modifying agency | DLC |
| -- | NSDP |
| -- | DLC |
| -- | DNLM |
| -- | OCoLC |
| -- | WaU |
| -- | OCoLC |
| -- | TULIB |
| -- | InU |
| Language of cataloging | eng |
| 042 ## - AUTHENTICATION CODE | |
| Authentication code | pcc |
| -- | nsdp |
| 043 ## - GEOGRAPHIC AREA CODE | |
| Geographic area code | n-us--- |
| 050 00 - LIBRARY OF CONGRESS CALL NUMBER | |
| Classification number | HQ1073.5.U6 |
| Item number | A57 2011 |
| 130 0# - MAIN ENTRY--UNIFORM TITLE | |
| Uniform title | Dying, death, and bereavement (Guilford, Conn.) |
| 210 0# - ABBREVIATED TITLE | |
| Abbreviated title | Dying death bereave. |
| 222 #0 - KEY TITLE | |
| Key title | Dying, death, and bereavement |
| 245 10 - TITLE STATEMENT | |
| Title | Dying, death, and bereavement. |
| 264 #1 - PRODUCTION, PUBLICATION, DISTRIBUTION, MANUFACTURE, AND COPYRIGHT NOTICE | |
| Place of production, publication, distribution, manufacture | Guilford, Conn. : |
| Name of producer, publisher, distributor, manufacturer | Dushkin Pub. Group, |
| Date of production, publication, distribution, manufacture, or copyright notice | [1993-] |
| 264 #4 - PRODUCTION, PUBLICATION, DISTRIBUTION, MANUFACTURE, AND COPYRIGHT NOTICE | |
| Date of production, publication, distribution, manufacture, or copyright notice | ©1993- |
| 300 ## - PHYSICAL DESCRIPTION | |
| Extent | volume : |
| Other physical details | illustrations ; |
| Dimensions | 28cm |
| 310 ## - CURRENT PUBLICATION FREQUENCY | |
| Current publication frequency | Annual |
| 336 ## - CONTENT TYPE | |
| Content type term | text |
| Content type code | txt |
| Source | rdacontent |
| 337 ## - MEDIA TYPE | |
| Media type term | unmediated |
| Media type code | n |
| Source | rdamedia |
| 338 ## - CARRIER TYPE | |
| Carrier type term | volume |
| Carrier type code | nc |
| Source | rdacarrier |
| 362 0# - DATES OF PUBLICATION AND/OR SEQUENTIAL DESIGNATION | |
| Dates of publication and/or sequential designation | 1st ed.- |
| 490 1# - SERIES STATEMENT | |
| Series statement | Annual editions |
| 500 ## - GENERAL NOTE | |
| General note | Published by: McGraw-Hill Companies, <9th edition-> |
| 500 ## - GENERAL NOTE | |
| General note | Some years not published. |
| 588 ## - SOURCE OF DESCRIPTION NOTE | |
| Source of description note | Latest issue consulted: 9th edition, c2007. |
| 590 ## - LOCAL NOTE (RLIN) | |
| Local note | SERBIB/SERLOC merged record |
| 650 #0 - SUBJECT ADDED ENTRY--TOPICAL TERM | |
| Topical term or geographic name entry element | Death |
| General subdivision | Social aspects |
| Geographic subdivision | United States |
| Form subdivision | Periodicals. |
| 650 #0 - SUBJECT ADDED ENTRY--TOPICAL TERM | |
| Topical term or geographic name entry element | Bereavement |
| Form subdivision | Periodicals. |
| 650 #4 - SUBJECT ADDED ENTRY--TOPICAL TERM | |
| Topical term or geographic name entry element | Death |
| General subdivision | Social aspects |
| Geographic subdivision | United States |
| General subdivision | Periodicals. |
| 650 #4 - SUBJECT ADDED ENTRY--TOPICAL TERM | |
| Topical term or geographic name entry element | Bereavement |
| General subdivision | Periodicals. |
| 776 08 - ADDITIONAL PHYSICAL FORM ENTRY | |
| Relationship information | Online version: |
| Title | Dying, death, and bereavement (Guilford, Conn.) |
| International Standard Serial Number | 1069-6407 |
| Record control number | (OCoLC)765734028 |
| 830 #0 - SERIES ADDED ENTRY--UNIFORM TITLE | |
| Uniform title | Annual editions. |
| 906 ## - LOCAL DATA ELEMENT F, LDF (RLIN) | |
| a | 7 |
| b | cbc |
| c | serials |
| d | 2 |
| e | ncip |
| f | 19 |
| g | n-oclcserc |
| 942 ## - ADDED ENTRY ELEMENTS (KOHA) | |
| Source of classification or shelving scheme | Dewey Decimal Classification |
| Koha item type | Foreign Books |
| Withdrawn status | Source of classification or shelving scheme | Damaged status | Not for loan | Collection code | Home library | Current library | Shelving location | Date acquired | Total Checkouts | Full call number | Barcode | Date last seen | Price effective from | Koha item type |
|---|---|---|---|---|---|---|---|---|---|---|---|---|---|---|
| Dewey Decimal Classification | Non-fiction | Pililla College Library | Pililla College Library | General Stacks | 09/08/2016 | 306.9 A57 2011 | URSPIL-2595 | 05/31/2019 | 09/08/2016 | Foreign Books |